Library of the University of Algiers 3
Ibrahim Sultan Cheibout
شعار جامعة الجزائر 3
مكتبة جامعة الجزائر 3
إبراهيم سلطان شيبوط

العولمة في ميزان الفكر : (رقم التسجيلة. 42598)

تفاصيل مارك
000 -LEADER
fixed length control field 00910nam a2200205Ia 4500
003 - CONTROL NUMBER IDENTIFIER
control field Ost
005 - DATE AND TIME OF LATEST TRANSACTION
control field 20260507075047.0
008 - FIXED-LENGTH DATA ELEMENTS--GENERAL INFORMATION
fixed length control field 260507s9999||||xx |||||||||||||| ||und||
020 ## - INTERNATIONAL STANDARD BOOK NUMBER
International Standard Book Number ×012417977
040 ## - CATALOGING SOURCE
Transcribing agency fsecg
041 ## - LANGUAGE CODE
Language code of text/sound track or separate title ara
100 ## - MAIN ENTRY--PERSONAL NAME
Personal name السيد، عاطف
Relator term مؤلف
245 #0 - TITLE STATEMENT
Title العولمة في ميزان الفكر :
Remainder of title دراسة تحليلية /
Statement of responsibility, etc. عاطف السيد
260 ## - PUBLICATION, DISTRIBUTION, ETC.
Place of publication, distribution, etc. الإسكندرية:
Name of publisher, distributor, etc. مطبعة الإنتصار,
Date of publication, distribution, etc. 2001
300 ## - PHYSICAL DESCRIPTION
Extent 143 صفحة؛
Dimensions 24 سم
504 ## - BIBLIOGRAPHY, ETC. NOTE
Bibliography, etc. note ببليوغرافيا: ص. 141
520 ## - SUMMARY, ETC.
Summary, etc. ظاهرة العولمة-الدولة القومية والنظام العالمي الجديد-أبعاد وجوانب العولمة-تحديات ومخاطر العولمة-آثار العولمة على الدول النامية-مواجهة الآثار السلبية للعولمة
653 ## - INDEX TERM--UNCONTROLLED
Uncontrolled term العولمة
942 ## - ADDED ENTRY ELEMENTS (KOHA)
Koha item type كتب
المقتنيات
Withdrawn status Lost status Source of classification or shelving scheme Damaged status Not for loan Home library Current library Date acquired Serial enumeration / chronology Inventory number Total checkouts Full call number Barcode Date last seen Price effective from Koha item type
    Dewey Decimal Classification   NOT LOAN / إعارة داخلية مكتبة كلية العلوم الإقتصادية والعلوم التجارية وعلوم التسيير مكتبة كلية العلوم الإقتصادية والعلوم التجارية وعلوم التسيير 07/05/2026 الطابق الأرضي 453/3   أ/453ن1 453/3 07/05/2026 07/05/2026 كتب

موارد الويب المفتوحة


© University of Algiers 3 All Rights Reserved
|
Implemented by LECHELAH Riad